[Event "Hastings Masters 2011-12"]
[Site "Hastings ENG"]
[Date "2012.01.01"]
[Round "5.45"]
[White "De Andres Gonalons, Fernando"]
[Black "Wallis, Ian J"]
[Result "1-0"]
[WhiteElo "2091"]
[BlackElo "2003"]
[PlyCount "77"]
[EventDate "2011.12.28"]

1. d4 f5 2. g3 Nf6 3. Bg2 g6 4. c4 Bg7 5. Nc3 d6 6. Nf3 O-O 7. O-O Qe8 8. d5 a5
9. Nd4 Na6 10. Bg5 Nc5 11. Bxf6 Bxf6 12. e3 Bd7 13. Qd2 c6 14. Rad1 Bg7 15.
Rfe1 Na6 16. e4 f4 17. gxf4 Bh6 18. Nde2 Qf7 19. Qe3 Nb4 20. Rd2 e5 21. dxe6
Bxe6 22. b3 Rad8 23. Red1 Qe7 24. Qg3 Bc8 25. h4 Kh8 26. e5 dxe5 27. Rxd8 Rxd8
28. Rxd8+ Qxd8 29. fxe5 Bf5 30. f4 Qd2 31. Qf2 Nd3 32. Qd4 Qe1+ 33. Bf1 Qxh4
34. e6+ Kg8 35. Qe3 Kf8 36. Qd4 Bxf4 37. Nxf4 Qg4+ 38. Bg2 Nxf4 39. Qf6+ 1-0

[Event "Hastings Masters 2011-12"]
[Site "Hastings ENG"]
[Date "2012.01.01"]
[Round "5.47"]
[White "Murchadha, Oissine"]
[Black "Drogou, Gerard"]
[Result "0-1"]
[WhiteElo "1846"]
[BlackElo "2063"]
[PlyCount "120"]
[EventDate "2011.12.28"]

1. e4 Nf6 2. e5 Nd5 3. d4 d6 4. c4 Nb6 5. exd6 exd6 6. Nc3 Nc6 7. h3 Bf5 8. Be3
Be7 9. Nf3 Bf6 10. Rc1 O-O 11. d5 Ne5 12. Nd4 Bg6 13. b3 Re8 14. Be2 Nd3+ 15.
Bxd3 Bxd4 16. Bxg6 Bxe3 17. Bxf7+ Kxf7 18. Qh5+ Kg8 19. fxe3 Rxe3+ 20. Kf2 Qe7
21. Rhd1 Nd7 22. Kg1 Nc5 23. Rf1 Re8 24. Kh2 g6 25. Qh6 Qe5+ 26. Qf4 Qxf4+ 27.
Rxf4 Nd3 28. Rff1 Nxc1 29. Rxc1 a6 30. Rc2 Kg7 31. b4 Rf8 32. c5 Rf4 33. cxd6
cxd6 34. Nd1 Rd3 35. Nb2 Rxd5 36. a3 Re5 37. Rc7+ Rf7 38. Rc2 Ref5 39. Nd3 Rf1
40. a4 h5 41. h4 Rd1 42. Rc3 Rd2 43. b5 d5 44. bxa6 bxa6 45. Nc5 Re7 46. Nxa6
d4 47. Rh3 Re3 48. Nc5 Rxh3+ 49. Kxh3 Re2 50. a5 d3 51. a6 d2 52. a7 Re3+ 53.
Kh2 Ra3 54. Ne6+ Kf6 55. Nc5 d1=Q 56. a8=Q Rxa8 57. Ne4+ Kg7 58. Nf2 Qd6+ 59.
g3 Ra2 60. Kg2 Qf6 0-1

[Event "Hastings Masters 2011-12"]
[Site "Hastings ENG"]
[Date "2012.01.01"]
[Round "5.50"]
[White "Clayton, Tristan"]
[Black "Flynn, David"]
[Result "1/2-1/2"]
[WhiteElo "1812"]
[BlackElo "1978"]
[PlyCount "65"]
[EventDate "2011.12.28"]

1. e4 c5 2. Nc3 d6 3. f4 g6 4. Nf3 Bg7 5. Bc4 e6 6. d3 Ne7 7. O-O Nbc6 8. Qe1
Nd4 9. Qf2 Nec6 10. a3 Qa5 11. Rb1 b5 12. b4 cxb4 13. axb4 Qa6 14. e5 Nxf3+ 15.
Qxf3 Rb8 16. Nxb5 Rxb5 17. Bxb5 Qxb5 18. c4 Qb7 19. b5 d5 20. Be3 Nb8 21. Qf2
dxc4 22. dxc4 O-O 23. Rfc1 Qe4 24. Bxa7 Bb7 25. c5 Bh6 26. Re1 Qa4 27. Bxb8
Rxb8 28. c6 Bxc6 29. bxc6 Rxb1 30. Rxb1 Qxc6 31. Rb8+ Bf8 32. h3 Qc7 33. Rxf8+
1/2-1/2

[Event "Hastings Masters 2011-12"]
[Site "Hastings ENG"]
[Date "2012.01.01"]
[Round "5.55"]
[White "Kearsley, Raymond J"]
[Black "Macrae, James S"]
[Result "1-0"]
[WhiteElo "1847"]
[BlackElo "1740"]
[PlyCount "47"]
[EventDate "2011.12.28"]

1. e4 Nc6 2. Nf3 d6 3. Bc4 Nf6 4. Nc3 a6 5. d3 Bg4 6. Be3 Na5 7. Bb3 Nxb3 8.
axb3 e5 9. h3 Be6 10. Ng5 Bd7 11. O-O h6 12. Nf3 Be7 13. Nh2 c5 14. f4 exf4 15.
Bxf4 Be6 16. Qf3 O-O 17. Nd5 Nh7 18. Nxe7+ Qxe7 19. Qg3 Rfd8 20. Bxh6 g6 21.
Nf3 d5 22. Ng5 dxe4 23. Nxh7 Kxh7 24. Bg5 1-0

[Event "Hastings Masters 2011-12"]
[Site "Hastings ENG"]
[Date "2012.01.02"]
[Round "6.6"]
[White "Roy Chowdhury, Saptarshi"]
[Black "Williams, Simon K"]
[Result "1/2-1/2"]
[WhiteElo "2411"]
[BlackElo "2513"]
[PlyCount "44"]
[EventDate "2011.12.28"]

1. d4 e6 2. Nf3 f5 3. g3 Nf6 4. Bg2 Be7 5. c4 O-O 6. O-O d6 7. Nc3 Ne4 8. Nxe4
fxe4 9. Nd2 d5 10. f3 Nc6 11. fxe4 Rxf1+ 12. Nxf1 dxc4 13. Be3 Bd7 14. e5 Rb8
15. Nd2 b5 16. a3 Qe8 17. Qc2 Na5 18. Be4 Qh5 19. Bf3 Qh3 20. Bg2 Qh5 21. Bf3
Qe8 22. Be4 Qh5 1/2-1/2

[Event "Hastings Masters 2011-12"]
[Site "Hastings ENG"]
[Date "2012.01.02"]
[Round "6.9"]
[White "Hebden, Mark L"]
[Black "MacQueen, Calum"]
[Result "1-0"]
[WhiteElo "2515"]
[BlackElo "2219"]
[PlyCount "85"]
[EventDate "2011.12.28"]

1. d4 Nf6 2. Nf3 g6 3. Nc3 d5 4. Bf4 Bg7 5. Qd2 Ne4 6. Nxe4 dxe4 7. Ne5 Be6 8.
e3 Nd7 9. Nxd7 Qxd7 10. Be2 O-O 11. c3 Rfd8 12. Qc2 f5 13. h4 c5 14. h5 Rac8
15. Rd1 Qc6 16. Qb1 b5 17. Bg5 cxd4 18. cxd4 Rd7 19. hxg6 hxg6 20. O-O Rdc7 21.
Bf4 Rb7 22. Rc1 Qd7 23. Rxc8+ Qxc8 24. Rc1 Qd7 25. Rc5 Kf7 26. Qc2 Bf6 27. b4
Bd5 28. a3 a6 29. a4 Kg7 30. axb5 axb5 31. Qc3 Kf7 32. Qa3 g5 33. Be5 Bxe5 34.
dxe5 Bc4 35. Bh5+ Kg7 36. Qa6 e6 37. Qd6 Ra7 38. g4 f4 39. Kg2 f3+ 40. Kg3 Qe7
41. Rc8 Qxd6 42. exd6 Kf6 43. Be8 1-0

[Event "Hastings Masters 2011-12"]
[Site "Hastings ENG"]
[Date "2012.01.02"]
[Round "6.11"]
[White "Prosviriakov, Vladimir"]
[Black "Rendle, Thomas E"]
[Result "1-0"]
[WhiteElo "2274"]
[BlackElo "2389"]
[PlyCount "73"]
[EventDate "2011.12.28"]

1. e4 e6 2. f4 d5 3. e5 c5 4. Nf3 Nc6 5. c3 Nh6 6. Na3 Nf5 7. Nc2 d4 8. Bd3 g6
9. O-O h5 10. Qe2 Bh6 11. g3 h4 12. g4 Bxf4 13. gxf5 gxf5 14. Bb5 Qb6 15. Na3
Ke7 16. d3 Bxc1 17. Raxc1 Bd7 18. cxd4 cxd4 19. Ba4 Rag8+ 20. Kh1 Rg4 21. Qc2
Rhg8 22. Rg1 Qa5 23. Rxg4 fxg4 24. Nxh4 Nb4 25. Qc7 Qxa4 26. Qd6+ Ke8 27. Qb8+
Ke7 28. Qxg8 Bc6+ 29. Kg1 Nxd3 30. Qg5+ Ke8 31. Rf1 Bf3 32. Nxf3 gxf3 33. Rxf3
Qd1+ 34. Rf1 Ne1 35. Qg8+ Kd7 36. Qxf7+ Kd8 37. Qg8+ 1-0

[Event "Hastings Masters 2011-12"]
[Site "Hastings ENG"]
[Date "2012.01.02"]
[Round "6.12"]
[White "Shyam, Nikil P"]
[Black "Briscoe, Chris"]
[Result "1-0"]
[WhiteElo "2482"]
[BlackElo "2220"]
[PlyCount "85"]
[EventDate "2011.12.28"]

1. e4 c5 2. Nf3 d6 3. d4 cxd4 4. Qxd4 Nc6 5. Bb5 Bd7 6. Bxc6 Bxc6 7. Bg5 Nf6 8.
Nc3 e6 9. O-O-O Be7 10. Rhe1 O-O 11. Nd2 Qc7 12. f3 Rfd8 13. g4 b5 14. Kb1 b4
15. Ne2 Nxe4 16. Nxe4 Bxe4 17. Qxe4 Bxg5 18. f4 d5 19. Qxb4 Rab8 20. Qd2 Bf6
21. Nd4 Rd6 22. Nb3 g6 23. f5 a5 24. a4 Bg7 25. Rf1 exf5 26. gxf5 Rc6 27. Rde1
Rc8 28. Re2 Qd6 29. Qxa5 Rb8 30. fxg6 Qxg6 31. Qxd5 Rd6 32. Qe4 Qh5 33. Rf5 Qh3
34. Rxf7 Rd1+ 35. Ka2 Rc8 36. Rxg7+ Kxg7 37. Rg2+ Kf6 38. Qf4+ Ke6 39. Re2+ Kd7
40. Qf7+ Kd6 41. Qe7+ Kc6 42. Re6+ Kd5 43. Qd6+ 1-0

[Event "Hastings Masters 2011-12"]
[Site "Hastings ENG"]
[Date "2012.01.02"]
[Round "6.13"]
[White "Anderson, John"]
[Black "Flear, Glenn C"]
[Result "0-1"]
[WhiteElo "2202"]
[BlackElo "2472"]
[PlyCount "81"]
[EventDate "2011.12.28"]

1. e4 e5 2. Nf3 Nc6 3. Bb5 a6 4. Ba4 Nf6 5. O-O Be7 6. Re1 b5 7. Bb3 d6 8. c3
O-O 9. h3 Qd7 10. d4 Re8 11. Nbd2 Bf8 12. Bc2 Bb7 13. d5 Ne7 14. Nf1 h6 15.
N3h2 c6 16. dxc6 Bxc6 17. Ng4 Nxg4 18. hxg4 d5 19. exd5 Nxd5 20. Ne3 Rad8 21.
g5 Qe6 22. Nxd5 Bxd5 23. Bb3 Bc4 24. Qf3 e4 25. Qh3 Qxh3 26. gxh3 hxg5 27. Bxg5
Rd3 28. Bc2 Rxh3 29. Bxe4 Rh5 30. Bf4 Rxe4 31. Rxe4 Bd5 32. f3 Bxe4 33. fxe4
Rh4 34. Rf1 g5 35. Bd2 Rxe4 36. Rf5 Be7 37. Kf2 f6 38. a4 Rxa4 39. b4 Ra2 40.
Ke3 Kf7 41. Kd3 0-1

[Event "Hastings Masters 2011-12"]
[Site "Hastings ENG"]
[Date "2012.01.02"]
[Round "6.14"]
[White "Arkell, Keith C"]
[Black "Eames, Robert S"]
[Result "0-1"]
[WhiteElo "2418"]
[BlackElo "2241"]
[PlyCount "82"]
[EventDate "2011.12.28"]

1. Nf3 Nf6 2. c4 c5 3. Nc3 e6 4. g3 b6 5. Bg2 Bb7 6. O-O Be7 7. Re1 a6 8. e4 d6
9. a3 Qc7 10. d3 Nbd7 11. b4 O-O 12. Rb1 cxb4 13. axb4 b5 14. Qb3 Rac8 15. Bf1
Ng4 16. Bb2 Nde5 17. Nxe5 Nxe5 18. Qd1 f5 19. f4 Qb6+ 20. Kg2 Ng4 21. Qf3 bxc4
22. dxc4 Nf6 23. Bd3 d5 24. exd5 Bxb4 25. Na4 Qa5 26. Rxe6 Nxd5 27. Kh3 Qxa4
28. cxd5 Qd7 29. Re5 Bd6 30. Re2 Qf7 31. Rd2 Bxd5 32. Bc4 Bxf3 33. Bxf7+ Kxf7
34. Rxd6 Rc2 35. g4 fxg4+ 36. Kh4 Rxh2+ 37. Kg3 Rg2+ 38. Kh4 Rh2+ 39. Kg3 Rg2+
40. Kh4 Rb8 41. Rc1 Rh2+ 0-1

[Event "Hastings Masters 2011-12"]
[Site "Hastings ENG"]
[Date "2012.01.02"]
[Round "6.15"]
[White "Lock, Gavin R"]
[Black "Houska, Jovanka"]
[Result "0-1"]
[WhiteElo "2157"]
[BlackElo "2415"]
[PlyCount "86"]
[EventDate "2011.12.28"]

1. d4 d5 2. Nf3 c6 3. c4 e6 4. Bg5 Be7 5. Bxe7 Qxe7 6. e3 Nf6 7. Nc3 O-O 8. Be2
Nbd7 9. O-O b6 10. cxd5 exd5 11. Qa4 Bb7 12. Rfd1 Rfd8 13. Rac1 Ne8 14. Bd3 Nd6
15. Ne2 a6 16. Qc2 h6 17. Ng3 c5 18. Bh7+ Kh8 19. Nf5 Nxf5 20. Bxf5 c4 21. Qd2
Bc8 22. h3 Nf6 23. Qc2 a5 24. Ne5 Bxf5 25. Qxf5 b5 26. g4 Re8 27. Kg2 Kg8 28.
f3 Ra6 29. Re1 Re6 30. Re2 Nd7 31. Nxd7 Qxd7 32. Rce1 b4 33. e4 g6 34. Qf4 dxe4
35. Rxe4 Rxe4 36. Rxe4 c3 37. bxc3 bxc3 38. Qe3 Rc8 39. Re5 c2 40. Rc5 Rxc5 41.
dxc5 Qe6 42. Qc3 Qxa2 43. Kg3 Qb1 0-1

[Event "Hastings Masters 2011-12"]
[Site "Hastings ENG"]
[Date "2012.01.02"]
[Round "6.17"]
[White "Padmini, Rout"]
[Black "Olsarova, Karolina"]
[Result "1/2-1/2"]
[WhiteElo "2392"]
[BlackElo "2167"]
[PlyCount "180"]
[EventDate "2011.12.28"]

1. e4 e5 2. Nf3 Nc6 3. Bb5 Nf6 4. d3 Bc5 5. O-O d6 6. c3 O-O 7. Bg5 h6 8. Bh4
Bb6 9. Nbd2 Bd7 10. a4 a6 11. Bc4 Be6 12. Re1 Re8 13. Nf1 Nb8 14. Bxe6 Rxe6 15.
d4 Nbd7 16. a5 Ba7 17. d5 Re8 18. Ne3 Bxe3 19. Rxe3 Nf8 20. Nd2 Ng6 21. Bg3 Qd7
22. f3 Nh7 23. Bf2 f5 24. exf5 Qxf5 25. Ne4 Nf4 26. c4 Ng5 27. b4 Rf8 28. Ra2
Qg6 29. Bg3 Nh5 30. c5 Rac8 31. Rc2 Nxg3 32. hxg3 Nxe4 33. Rxe4 Qf5 34. Qe2 Qf7
35. Qd3 Rfd8 36. c6 bxc6 37. Rxc6 Ra8 38. Rxa6 Rxa6 39. Qxa6 Qxd5 40. Qc4 Qf7
41. Qc6 d5 42. Rxe5 d4 43. Qe6 d3 44. Qxf7+ Kxf7 45. Re1 Rb8 46. Rd1 Rxb4 47.
Rxd3 Ra4 48. Rd5 Ke6 49. Rb5 c6 50. Rb7 Kf6 51. Ra7 Ra2 52. Ra6 Kf7 53. g4 c5
54. Kh2 c4 55. Kg3 c3 56. Rc6 Rxa5 57. Rxc3 h5 58. Rc7+ Kg6 59. Rc6+ Kf7 60.
gxh5 Rxh5 61. Kg4 Ra5 62. f4 g6 63. Kh4 Rf5 64. g3 Kg7 65. Rc4 Ra5 66. g4 Rb5
67. Rc7+ Kg8 68. Re7 Kf8 69. Re5 Rb7 70. Kg5 Kg7 71. Ra5 Rc7 72. Ra6 Rc5+ 73.
f5 gxf5 74. gxf5 Rc7 75. Rg6+ Kf7 76. Rh6 Kf8 77. Kg6 Rg7+ 78. Kf6 Rf7+ 79. Ke6
Re7+ 80. Kd6 Ra7 81. f6 Ra6+ 82. Ke5 Ra5+ 83. Ke6 Ra6+ 84. Kf5 Ra1 85. Rh8+ Kf7
86. Rh7+ Kf8 87. Rb7 Rf1+ 88. Ke6 Re1+ 89. Kf5 Rf1+ 90. Ke6 Re1+ 1/2-1/2

[Event "Hastings Masters 2011-12"]
[Site "Hastings ENG"]
[Date "2012.01.02"]
[Round "6.18"]
[White "Hagesaether, Arne"]
[Black "Vuilleumier, Alexandre"]
[Result "0-1"]
[WhiteElo "2152"]
[BlackElo "2356"]
[PlyCount "160"]
[EventDate "2011.12.28"]

1. e4 e5 2. Nf3 Nc6 3. Bc4 Bc5 4. d3 Nf6 5. c3 a6 6. O-O Ba7 7. Bb3 O-O 8. Nbd2
d6 9. Nc4 Ne7 10. Re1 Kh8 11. a4 Ng4 12. d4 exd4 13. Nxd4 Nc6 14. h3 Nge5 15.
Nxc6 Nxc6 16. Be3 Be6 17. Bxa7 Rxa7 18. Ne3 Qg5 19. Kh1 a5 20. Bc2 Raa8 21. Rf1
Qf4 22. Nd5 Bxd5 23. Qxd5 Rfe8 24. Qb5 Rab8 25. Rad1 Re5 26. Rd5 g6 27. Bb1 Kg7
28. Kg1 Ne7 29. Rxe5 Qxe5 30. Qxe5+ dxe5 31. Rd1 Nc6 32. Kf1 Rd8 33. Bd3 Kf6
34. Ke2 b6 35. Rf1 Rd6 36. Bc4 Ke7 37. Bd5 Nd8 38. Rb1 c6 39. Bb3 Nb7 40. g3
Nc5 41. Bc2 Rd8 42. h4 Rb8 43. b4 axb4 44. Rxb4 Kd6 45. f4 f6 46. Rb1 b5 47.
axb5 Rxb5 48. Ra1 Rb2 49. Kd1 exf4 50. gxf4 Ne6 51. Ra7 Nxf4 52. Rxh7 c5 53.
Kc1 Rb6 54. Kd2 Ke5 55. Rh8 Rd6+ 56. Ke3 Ng2+ 57. Ke2 Kf4 58. h5 gxh5 59. Rxh5
Ne3 60. Ba4 c4 61. Rh3 Ng2 62. Rh2 Kg3 63. Rh6 Nf4+ 64. Ke1 Kf3 65. Bd1+ Kxe4
66. Be2 Ng2+ 67. Kf2 Rd2 68. Rxf6 Nf4 69. Rxf4+ Kxf4 70. Ke1 Rxe2+ 71. Kxe2 Ke4
72. Kd2 Kf3 73. Kd1 Ke3 74. Kc2 Ke2 75. Kc1 Kd3 76. Kb2 Kd2 77. Kb1 Kxc3 78.
Kc1 Kd3 79. Kd1 c3 80. Kc1 c2 0-1

[Event "Hastings Masters 2011-12"]
[Site "Hastings ENG"]
[Date "2012.01.02"]
[Round "6.19"]
[White "Godard, Maxence"]
[Black "Karthikeyan, Murali"]
[Result "0-1"]
[WhiteElo "2333"]
[BlackElo "2154"]
[PlyCount "87"]
[EventDate "2011.12.28"]

1. d4 Nf6 2. c4 e6 3. Nc3 d5 4. cxd5 exd5 5. Bg5 Be7 6. e3 O-O 7. Bd3 h6 8. Bf4
c5 9. dxc5 Bxc5 10. Nf3 Nc6 11. O-O Be6 12. Rc1 Be7 13. Ne5 Bd6 14. Nxc6 bxc6
15. Qf3 c5 16. b3 Rc8 17. h3 c4 18. Bxd6 Qxd6 19. bxc4 dxc4 20. Bf5 Qe5 21.
Bxe6 fxe6 22. Qb7 Rc7 23. Qa6 Nd5 24. Nb5 Rcf7 25. Qd6 Qe4 26. Qg3 Rf6 27. Nd6
Qd3 28. Nxc4 Nc3 29. Rxc3 Qxc3 30. Ne5 Rxf2 31. Rd1 Re2 32. Ng6 Re8 33. Rd7
Qxe3+ 34. Qxe3 Rxe3 35. Rxa7 Rb8 36. Re7 Re4 37. Kf2 Kh7 38. Kf3 Re1 39. Kf2
Ra1 40. Nf4 Rxa2+ 41. Kg3 Rb3+ 42. Kg4 Ra4 43. Rxe6 g5 44. g3 0-1

[Event "Hastings Masters 2011-12"]
[Site "Hastings ENG"]
[Date "2012.01.02"]
[Round "6.21"]
[White "Griffiths, Ryan Rhys"]
[Black "Roubaud, Alexandre"]
[Result "1-0"]
[WhiteElo "2310"]
[BlackElo "2086"]
[PlyCount "97"]
[EventDate "2011.12.28"]

1. c4 e5 2. g3 Nc6 3. Nc3 f5 4. Nf3 Nf6 5. d4 e4 6. Nh4 d6 7. Bh3 g6 8. Bg5 Bg7
9. O-O O-O 10. f3 exf3 11. exf3 Qe8 12. Qd2 Qf7 13. d5 Ne5 14. b3 Bd7 15. Bg2
Rfe8 16. Rae1 Qf8 17. Be3 Nf7 18. f4 Re7 19. h3 Rae8 20. a4 a6 21. Bf2 Nd8 22.
Nf3 Ne4 23. Nxe4 Rxe4 24. Nd4 Rxe1 25. Rxe1 Bf6 26. a5 Rxe1+ 27. Qxe1 Qg7 28.
Qd2 Qe7 29. b4 c6 30. dxc6 Nxc6 31. b5 Bxd4 32. Bxd4 Nxd4 33. Qxd4 Be6 34. Kh2
Bf7 35. b6 Qd7 36. c5 d5 37. Qe5 Kf8 38. h4 h5 39. Bf1 d4 40. Bd3 Qd5 41. Bf1
Qd7 42. Bg2 d3 43. Qb8+ Ke7 44. c6 bxc6 45. b7 d2 46. Qe5+ Be6 47. b8=Q d1=Q
48. Qg7+ Bf7 49. Qbf8+ 1-0

[Event "Hastings Masters 2011-12"]
[Site "Hastings ENG"]
[Date "2012.01.02"]
[Round "6.22"]
[White "Lasinskas, Povilas"]
[Black "Radovanovic, Jovica"]
[Result "0-1"]
[WhiteElo "2122"]
[BlackElo "2309"]
[PlyCount "72"]
[EventDate "2011.12.28"]

1. d4 Nf6 2. Nf3 d6 3. c4 Nbd7 4. Nc3 e5 5. Bg5 Be7 6. e3 O-O 7. Be2 c6 8. Qc2
Re8 9. O-O Qc7 10. Rad1 a6 11. a4 a5 12. Bh4 Bf8 13. h3 g6 14. Bg3 exd4 15.
Rxd4 Nc5 16. Nh4 Ne6 17. Rd2 Nc5 18. Rd4 Ra6 19. Rfd1 Re6 20. Nf3 h6 21. Nh2
Rb6 22. h4 Rb4 23. h5 Nxh5 24. Bxh5 gxh5 25. Rh4 Rg6 26. Qe2 Qe7 27. Rxh5 Nxa4
28. Rxa5 Rxb2 29. Qe1 Nb6 30. Na4 Nxa4 31. Rxa4 Bf5 32. Ra8 Kh7 33. Qa5 Bc2 34.
Re1 Bg7 35. Nf3 Be4 36. Nh4 Qxh4 0-1

[Event "Hastings Masters 2011-12"]
[Site "Hastings ENG"]
[Date "2012.01.02"]
[Round "6.24"]
[White "Pon, NKrithika"]
[Black "Furman, Boris"]
[Result "1-0"]
[WhiteElo "2091"]
[BlackElo "2280"]
[PlyCount "89"]
[EventDate "2011.12.28"]

1. e4 c5 2. Nc3 Nc6 3. f4 g6 4. Nf3 Bg7 5. Bb5 Nh6 6. d3 O-O 7. O-O d6 8. Bxc6
bxc6 9. Qe1 e6 10. h3 f5 11. e5 Nf7 12. exd6 Qxd6 13. Qf2 e5 14. Be3 exf4 15.
Bxc5 Qc7 16. Bxf8 Bxf8 17. Rfe1 Bd7 18. d4 Bd6 19. Rad1 g5 20. Ne5 Be8 21. Qe2
Nxe5 22. dxe5 Bc5+ 23. Kh1 Be3 24. Qc4+ Qf7 25. e6 Qe7 26. Rd3 Rb8 27. Red1 Rb4
28. Re1 Rb8 29. Nd1 Rb4 30. Qc3 Re4 31. Nxe3 Rxe6 32. Re2 Qf8 33. Red2 fxe3 34.
Rxe3 Rxe3 35. Qxe3 f4 36. Qe4 h6 37. Rd8 Kf7 38. Qf5+ Ke7 39. Qxf8+ Kxf8 40.
Ra8 Ke7 41. Rxa7+ Ke6 42. a4 Bg6 43. c3 Kd5 44. a5 Kc5 45. b4+ 1-0

[Event "Hastings Masters 2011-12"]
[Site "Hastings ENG"]
[Date "2012.01.02"]
[Round "6.25"]
[White "Surendran, N."]
[Black "Franklin, Samuel G A"]
[Result "1/2-1/2"]
[WhiteElo "2207"]
[BlackElo "2179"]
[PlyCount "80"]
[EventDate "2011.12.28"]

1. d4 Nf6 2. Nf3 g6 3. g3 Bg7 4. Bg2 O-O 5. O-O d6 6. c4 Nc6 7. Nc3 a6 8. h3
Rb8 9. Be3 b5 10. Nd2 Bd7 11. Rc1 e5 12. cxb5 axb5 13. dxe5 Nxe5 14. Bg5 Be6
15. Nce4 Ned7 16. Nxf6+ Bxf6 17. Bxf6 Nxf6 18. Qc2 c5 19. e4 Qb6 20. Rfd1 c4
21. Nf1 Nd7 22. Qd2 Ne5 23. Qxd6 Nd3 24. Qxb6 Rxb6 25. Rb1 Ra8 26. a3 b4 27.
Ne3 Rab8 28. a4 b3 29. a5 Rb4 30. e5 Ra4 31. Bd5 Bxd5 32. Nxd5 Nxe5 33. Ra1 Ra2
34. a6 Ra8 35. Nb4 Rxb2 36. Rd5 Nd3 37. Nxd3 Rd2 38. Nb4 b2 39. Rb1 c3 40. Rxd2
cxd2 1/2-1/2

[Event "Hastings Masters 2011-12"]
[Site "Hastings ENG"]
[Date "2012.01.02"]
[Round "6.26"]
[White "Demuth, Adrien"]
[Black "Jaunooby, Ali R"]
[Result "1-0"]
[WhiteElo "2442"]
[BlackElo "2144"]
[PlyCount "107"]
[EventDate "2011.12.28"]

1. d4 d5 2. c4 c6 3. Nf3 Nf6 4. Nc3 dxc4 5. a4 Bf5 6. Ne5 Nbd7 7. Nxc4 Qc7 8.
g3 e5 9. dxe5 Nxe5 10. Bf4 Nfd7 11. Bg2 g5 12. Ne3 gxf4 13. Nxf5 O-O-O 14. O-O
Nc5 15. Qc2 a5 16. Rad1 Ned7 17. Ne4 Nxe4 18. Qxe4 fxg3 19. hxg3 Bb4 20. Ne3
Rhe8 21. Qf5 Qe5 22. Qxf7 Re7 23. Qb3 Kc7 24. Qc2 Bc5 25. Rd3 Rf8 26. Bf3 Rg8
27. Kg2 Bxe3 28. Rxe3 Rxg3+ 29. fxg3 Qxe3 30. Rh1 Qc5 31. Qd2 Qb4 32. Qg5 Ne5
33. Rh4 Nxf3 34. exf3 Qxb2+ 35. Kh3 Qe2 36. Qxa5+ Kb8 37. Qd8+ Ka7 38. Qd4+ Ka6
39. Rf4 Qe6+ 40. g4 h5 41. Qd3+ Ka7 42. Re4 hxg4+ 43. Kg3 Qh6 44. Rxe7 Qh3+ 45.
Kf4 g3 46. Qe3+ Ka6 47. Qd3+ Ka7 48. Qd4+ Ka6 49. Qc4+ Ka7 50. Qc5+ Ka6 51. a5
Qh6+ 52. Kxg3 Qg6+ 53. Kf2 Qb1 54. Qb6+ 1-0

[Event "Hastings Masters 2011-12"]
[Site "Hastings ENG"]
[Date "2012.01.02"]
[Round "6.27"]
[White "Eggleston, David J"]
[Black "Almond, Richard J"]
[Result "1-0"]
[WhiteElo "2367"]
[BlackElo "2115"]
[PlyCount "57"]
[EventDate "2011.12.28"]

1. d4 d5 2. c4 e6 3. Nc3 Nf6 4. cxd5 exd5 5. Bg5 Be7 6. e3 O-O 7. Bd3 c6 8.
Nge2 Re8 9. Qc2 Nbd7 10. O-O Nf8 11. f3 Ng6 12. Rae1 Be6 13. Ng3 a6 14. a3 Rc8
15. Na4 Qc7 16. Nc5 Nf8 17. Bf4 Qb6 18. b4 Red8 19. e4 dxe4 20. fxe4 Ng6 21. e5
Ng4 22. Bxg6 hxg6 23. Nxe6 fxe6 24. Qxg6 Qxd4+ 25. Kh1 Nf2+ 26. Rxf2 Qxf2 27.
Rf1 Rd1 28. Rxd1 Qxf4 29. Qxe6+ 1-0

[Event "Hastings Masters 2011-12"]
[Site "Hastings ENG"]
[Date "2012.01.02"]
[Round "6.28"]
[White "Stewart, Neil"]
[Black "Bharathi, R."]
[Result "1-0"]
[WhiteElo "2299"]
[BlackElo "2094"]
[PlyCount "55"]
[EventDate "2011.12.28"]

1. d4 d5 2. Nf3 Nf6 3. c4 c6 4. cxd5 cxd5 5. Nc3 Nc6 6. Bf4 Ne4 7. e3 Nxc3 8.
bxc3 Qa5 9. Qb3 g6 10. Bb5 Bg7 11. O-O O-O 12. c4 dxc4 13. Bxc4 e6 14. Rab1 Qd8
15. Qa3 Re8 16. Rfd1 Bf8 17. Qc1 Bd7 18. Rxb7 Rc8 19. Qb1 Na5 20. Rxd7 Qxd7 21.
Bb5 Qd5 22. Bxe8 Rxe8 23. e4 Qc4 24. h3 Bg7 25. Rc1 Qa4 26. Qc2 Qxc2 27. Rxc2
Rd8 28. Rc7 1-0

[Event "Hastings Masters 2011-12"]
[Site "Hastings ENG"]
[Date "2012.01.02"]
[Round "6.29"]
[White "Waddington, Mike P"]
[Black "Sreeves, Clement"]
[Result "1-0"]
[WhiteElo "2114"]
[BlackElo "2247"]
[PlyCount "105"]
[EventDate "2011.12.28"]

1. Nc3 c5 2. e4 Nc6 3. f4 e6 4. Nf3 d5 5. Bb5 Nge7 6. O-O a6 7. Bxc6+ Nxc6 8.
d3 Be7 9. Qe1 O-O 10. e5 b5 11. Qg3 f5 12. Bd2 Nb4 13. Rfc1 d4 14. Ne2 Nd5 15.
Kh1 Bb7 16. Ng5 Qd7 17. Rf1 Rac8 18. Qh3 h6 19. Nf3 Qe8 20. Rac1 Qg6 21. Qg3
Qg4 22. h3 Qxg3 23. Nxg3 Kf7 24. Ne2 Rg8 25. Kh2 Bd8 26. g3 Bb6 27. g4 g6 28.
Kg3 Rgd8 29. c3 dxc3 30. bxc3 Ne7 31. Ne1 fxg4 32. hxg4 h5 33. f5 exf5 34. gxh5
gxh5 35. Bg5 Rg8 36. Kh4 Bd8 37. Nf4 Ng6+ 38. Nxg6 Kxg6 39. Rg1 Kf7 40. Nc2 Bf3
41. Bxd8 Rcxd8 42. Rxg8 Rxg8 43. Ne3 Ke6 44. Rf1 Bg4 45. d4 cxd4 46. cxd4 Rd8
47. Rf4 Rc8 48. Rf2 Rd8 49. Rd2 Bf3 50. Kg5 Rf8 51. Kf4 Bg4 52. d5+ Kd7 53. Rc2
1-0

[Event "Hastings Masters 2011-12"]
[Site "Hastings ENG"]
[Date "2012.01.02"]
[Round "6.30"]
[White "Talsma, Paul"]
[Black "De Andres Gonalons, Fernando"]
[Result "1-0"]
[WhiteElo "2246"]
[BlackElo "2091"]
[PlyCount "113"]
[EventDate "2011.12.28"]

1. d4 d5 2. c4 e6 3. Nf3 c5 4. cxd5 exd5 5. Nc3 Nc6 6. g3 Nf6 7. Bg2 Be7 8. Bg5
O-O 9. dxc5 d4 10. Bxf6 Bxf6 11. Ne4 Be7 12. O-O f5 13. Nd6 Bxd6 14. cxd6 Qxd6
15. e3 d3 16. Ng5 Kh8 17. Qh5 Qg6 18. Qxg6 hxg6 19. Rac1 Nd8 20. Rfd1 Nf7 21.
Nxf7+ Rxf7 22. Rxd3 Be6 23. a3 g5 24. f4 gxf4 25. exf4 a5 26. Re3 Ba2 27. Re5
g6 28. Rb5 Ra7 29. Kf2 Rd7 30. Ke3 Ra6 31. Rc8+ Kg7 32. Re8 Rad6 33. Bf1 b6 34.
Rb8 Re7+ 35. Re5 Rc7 36. Be2 Bf7 37. h4 Kf6 38. Rf8 Kg7 39. Rb8 Kf6 40. Bf3 Bc4
41. h5 gxh5 42. Bxh5 Rd3+ 43. Kf2 Rd2+ 44. Ke1 Rxb2 45. Rf8+ Bf7 46. Rxf7+ Rxf7
47. Bxf7 Kxf7 48. Rxf5+ Kg7 49. Re5 Rb3 50. Kf2 Rxa3 51. Rb5 a4 52. Rxb6 Rb3
53. Ra6 a3 54. Kg2 Rb2+ 55. Kh3 a2 56. Kg4 Re2 57. Kg5 1-0

[Event "Hastings Masters 2011-12"]
[Site "Hastings ENG"]
[Date "2012.01.02"]
[Round "6.32"]
[White "Britton, Richard L"]
[Black "Luaces Rubio, Alfredo"]
[Result "1-0"]
[WhiteElo "2219"]
[BlackElo "2020"]
[PlyCount "81"]
[EventDate "2011.12.28"]

1. e4 c5 2. Nf3 d6 3. d4 cxd4 4. Nxd4 Nf6 5. Nc3 a6 6. Bc4 e6 7. Bb3 Nbd7 8.
Qe2 Nc5 9. g4 Be7 10. g5 Nfd7 11. Rg1 Ne5 12. Be3 Qc7 13. f4 Nxb3 14. axb3 Nc6
15. Nxc6 bxc6 16. O-O-O a5 17. Qf2 Bd7 18. Bd4 e5 19. fxe5 dxe5 20. Qg3 f6 21.
gxf6 Bxf6 22. Na4 Be6 23. Bb6 Qf7 24. Bc5 Rd8 25. Rxd8+ Kxd8 26. Qc3 Ke8 27.
Qxa5 Qd7 28. Qa8+ Qc8 29. Qa7 Qd7 30. Qb8+ Qc8 31. Qd6 Qd7 32. Qb8+ Qc8 33. Qd6
Qd7 34. Rd1 Be7 35. Qb8+ Qc8 36. Qa7 Bxc5 37. Qxc5 Qc7 38. Rd6 Kf7 39. Qxe5 Re8
40. Nc5 Bg4 41. Rf6+ 1-0

[Event "Hastings Masters 2011-12"]
[Site "Hastings ENG"]
[Date "2012.01.02"]
[Round "6.33"]
[White "McKenna, Jason P"]
[Black "Grant, Alan G"]
[Result "1/2-1/2"]
[WhiteElo "2110"]
[BlackElo "2186"]
[PlyCount "67"]
[EventDate "2011.12.28"]

1. e4 c6 2. d4 d5 3. Nc3 dxe4 4. Nxe4 Bf5 5. Ng3 Bg6 6. h4 h6 7. Nf3 Nd7 8. h5
Bh7 9. Bd3 Bxd3 10. Qxd3 e6 11. Bd2 Qc7 12. O-O-O Bd6 13. Ne4 Ngf6 14. g3 b5
15. Kb1 a5 16. Nxf6+ Nxf6 17. Qe2 a4 18. Ne5 Bxe5 19. Qxe5 Qxe5 20. dxe5 Nd5
21. c4 bxc4 22. Rc1 O-O 23. Rxc4 Ra6 24. Rhc1 Rc8 25. Rc5 Kh7 26. g4 Ne7 27.
R5c4 Nd5 28. f3 Rc7 29. Be1 Rc8 30. Bd2 Rc7 31. Re4 Rb7 32. Rec4 Rc7 33. Re4
Rb7 34. Rec4 1/2-1/2